Estadísticas para Quiz Argentina - Departamentos más grandes

Haz click aquí para intentar la prueba.

Estadísticas generales

  • Esta prueba ha sido intentada 20 veces
  • La puntuación promedio es 5 de 20

Estadísticas de respuestas

Superficie (km2)ProvinciaDepartamento% Correcto
965.597Tierra del FuegoAntártida Argentina
74%
41.317MendozaMalargüe
47%
31.235MendozaSan Rafael
47%
37.292Santa CruzLago Argentino
32%
28.097CatamarcaAntofagasta de la Sierra
26%
22.475Río NegroEl Cuy
26%
25.487ChacoGeneral Güemes
26%
33.841Santa CruzGüer Aike
26%
25.951SaltaRivadavia
26%
28.609Santa CruzLago Buenos Aires
21%
25.636SaltaLos Andes
21%
23.852CatamarcaTinogasta
21%
22.589San JuanCalingasta
16%
25.597Río NegroNueve de Julio
16%
24.502FormosaPatiño
16%
27.106Río NegroVeinticinco de Mayo
16%
26.350Santa CruzCorpen Aike
11%
63.784Santa CruzDeseado
11%
34.262Santa CruzRío Chico
5%
22.335ChubutRío Senguerr
5%

Distribución de puntuación

Porcentaje por número respondido

Porcentaje de gente con cada puntuación

Historial de tus puntuaciones

No has intentado esta prueba.